000 07025nam a22017057a 4500
003 PE-LiUPU
005 20250813170011.0
008 220914b |||||||| |||| 00| 0 spa d
020 _a9788409096244
_qtomo I
040 _aPE-LiUPU
_bspa
_cPE-LiUPU
_erda
082 _223
_a624.154
_bJ95c
100 1 _aJurado Cabañes, Carlos
_eautor
_4aut
245 1 0 _aCálculo y construcción de pilotes sometidos a cargas estáticas y sísmicas :
_b(incluye terrenos licuefactables) : con ejercicios prácticos /
_cCarlos Jurado Cabañes
250 _aPrimera edición
264 1 _a[Madrid] :
_bCarlos Jurado Cabañes,
_c[2019]
300 _a354 páginas :
_bilustraciones (blanco y negro) ;
_c30 centímetros
336 _aTexto
_2rdacontent
337 _asin mediación
_2rdamedia
338 _avolumen
_2rdacarrier
504 _aEvolución histórica de las cimentaciones profundas -- Introducción -- Los pilotes en la prehistoria -- Los pilotes en la edad antigua -- Los pilotes en la edad media -- Los pilotes en la edad Moderna -- Los pilotes en la edad Contemporánea -- Evolución histórica de los procedimientos constructivos -- Tipología de las cimentaciones profundas -- Introducción -- Tipología de las cimentaciones profundas -- Técnicas especiales de ejecución -- Elección del tipo de pilote según el terreno -- Elección del tipo de pilote según las características de la estructura -- Terminología utilizada en pilotes -- Preguntas de control -- El reconocimiento del terreno -- Introducción -- Recopilación de la información -- Planificación del reconocimiento del terreno -- Distribución y profundidad de los reconocimientos -- Reconocimiento del terreno -- Técnicas de reconocimiento del terreno -- Realización del informe Geotécnico -- Preguntas de control -- Ejercicios -- Cálculo de pilotes sometidos a cargas estáticas -- Consideraciones generales -- Estados límites últimos -- Estados límite de servicio -- Otras comprobaciones -- Características de la cimentación -- Características del terreno -- Acciones -- Acciones sobre el pilotaje -- Carga de hundimiento de pilotes prefabricados hincados -- Efecto grupo -- Asientos en pilotes y grupos de pilotes Cálculo de la resistencia al arranque -- Cálculo de la resistencia horizontal -- Deformabilidad de pilotes aislados -- Soluciones semianalíticas -- De formidad de grupos de pilotes -- Reparto de cargas entre los pilotes de grupo -- Pruebas de carga -- Coeficientes de seguridad -- Seguridad estructural -- Cálculo de encepados -- Cálculo de encepados rígidos -- Cálculo de encepados flexibles -- Existencia de fuerzas horizontales -- Vigas de arriostramiento -- Unión del encepado a los pilotes -- Estimación de asientos -- Detalles constructivos de pilotes y encepados -- Preguntas de control -- Ejercicios -- Ondas sísmicas. Tectónica de placas. Terremotos -- Introducción -- Ondas en un medio elástico -- Ondas sísmicas -- Tectónica de placas. Teoría de la Deriva Continental -- Teoría del rebote elástico -- Terremotos -- Preguntas de control -- Fallos sísmicos históricos en cimentaciones pilotadas -- Introducción -- Fallos sísmicos históricos de cimentaciones pilotadas -- Terremoto de San Francisco (1906) -- Terremoto de Valdivia (1960) -- Terremoto de Alaska (1964) -- Terremoto de Niigata (1964) -- Terremoto de San Fernando (1971) -- Terremoto de México (1985) -- Terremoto de Edgecumbe (1987) -- Terremoto de Loma Prieta (1989) -- Terremoto de Costa Rica -- Terremoto de Northridge (1994) -- Terremoto de Kobe (1995) -- Terremoto de Kocacelli (1999) -- Terremoto de Taiwan (1999) -- Terremoto de Japón (2011) – Conclusiones -- Preguntas de control – Licuefacción. Movilidad cíclica -- Introducción -- Licuefacción y movilidad cíclica – Evaluación del riesgo de licuefacción -- Cálculo del potencial de licuefacción (Seed & ldriss) -- Otros métodos de cálculo del potencial de licuefacción -- Terrenos potencialmente licuefactables. Movilidad cíclica -- Comportamiento de pilotes en terrenos licuefactables -- Tratamiento de los terrenos potencialmente licuefactables -- Métodos orientados al tratamiento de terrenos potencialmente licuefactables en la obra nueva -- Métodos orientados al tratamiento de obras existentes -- Preguntas de control.
526 _aP203
526 _aP200
526 _aSEG65
526 _aSEG64
526 _aSEG63
526 _aSEG62
526 _aSEG61
526 _aSEG60
526 _aSEG59
526 _aSEG58
526 _aSEG57
526 _aSEG56
526 _aSEG55
526 _aSEG54
526 _aSEG53
526 _aSEG52
526 _aSEG51
526 _aSEG50
526 _aSEG49
526 _aSEG48
526 _aSEG47
526 _aSEG46
526 _aSEG24
526 _aSEG23
526 _aSEG22
526 _aSEG21
526 _aSEG20
526 _aSEG19
526 _aSEG18
526 _aSEG17
526 _aSEG16
526 _aSEG14
526 _aSEG13
526 _aSEG12
526 _aSEG11
526 _aSEG10
526 _aSEG09
526 _aSEG06
526 _aSEG05
526 _aSEG04
526 _aSEG03
526 _aSEG02
526 _aSEG68
526 _aSEG66
526 _aSEG45
526 _aSEG25
526 _aSEG01
526 _aP163
526 _aP162
526 _aP161
526 _aP160
526 _aP159
526 _aP158
526 _aP157
526 _aP156
526 _aP155
526 _aP154
526 _aP153
526 _aP152
526 _aP151
526 _aP150
526 _aP149
526 _aP142
526 _aP141
526 _aP140
526 _aP139
526 _aP138
526 _aP137
526 _aP132
526 _aP131
526 _aP130
526 _aP126
526 _aP125
526 _aP124
526 _aP123
526 _aP115
526 _aP122
526 _aP121
526 _aP116
526 _a P114
526 _aP112
526 _aP111
526 _aP104
526 _aP103
526 _aP102
526 _aP101
526 _aP100
526 _aP96
526 _aP95
526 _aP93
526 _aP92
526 _aP91
526 _aP88
526 _aP83
526 _aP82
526 _aP79
526 _aP78
526 _aP75
526 _aP74
526 _aP71
526 _aP69
526 _a P51
526 _aP49
526 _aP48
526 _aP47
526 _aP33
526 _aP31
526 _a P30
526 _aP29
526 _aP27
526 _aP26
526 _aP25
526 _aP24
526 _a P22
526 _aP10
526 _aP09
526 _a P08
526 _aP06
526 _aP05
526 _aP04
526 _aP01
650 7 _aPilotes
_xDiseño y construcción
_2embne
942 _2ddc
_cBOOK
_n0
980 _618226
_aJaime Vilcazán
_81
_gALBERTO SANCHEZ Responsable de Automatización
999 _c61565
_d61565